000
00302nam a2200133Ia 4500
008
220613s9999||||xx |||||||||||||| ||und||
100
_a
Kuvalyananda Swami
245
0
_a
Asana
250
_a
1st(1933)Reprint(2012)
260
_b
Kaivalyadhama Lonavia
300
_a
188
650
_a
Yoga
942
_c
GB
999
_c
11142
_d
11142